Интернет-технологии в банковском бизнесе: перспективы и риски: учебно-практическое пособие

Opis bibliograficzny
Kolejni autorzy: Юденков Ю. Н. Юрий Николаевич, Тысячникова Н. А. Наталья Александровна, Сандалов И. В. Илья Владимирович, Ермаков С. Л. Сергей Львович
Streszczenie:Посвящено проблемам внедрения интернет-технологий в банковское дело с целью изучения возможностей повышения эффективности их использования, а также определения параметров контроля и регулирования возникающих рисков при применении информационных технологий в банковском бизнесе. Практическая ценность и оригинальность пособия состоит в том, что вопросы использования информационных технологий в банке рассматриваются здесь через призму внедрения и функционирования интернет-банкинга, который является современным электронным форматом банковского обслуживания. Для руководителей и топ-менеджеров банков в области ИТ, студентов и преподавателей вузов, для всех настоящих и перспективных пользователей интернет-банкинга.
Język:rosyjski
Wydane: Москва, КноРус, 2011
Wydanie:2-е изд., стер.
Hasła przedmiotowe:
Format: MixedMaterials Książka
KOHA link:https://koha.lib.tpu.ru/cgi-bin/koha/opac-detail.pl?biblionumber=183831

MARC

LEADER 00000nam0a2200000 4500
001 183831
005 20231101223808.0
010 |a 9785406008959 
035 |a (RuTPU)RU\TPU\book\199293 
090 |a 183831 
100 |a 20100823d2011 m y0rusy50 ca 
101 0 |a rus 
102 |a RU 
105 |a a j 001zy 
200 1 |a Интернет-технологии в банковском бизнесе: перспективы и риски  |e учебно-практическое пособие  |f Ю. Н. Юденков [и др.] 
205 |a 2-е изд., стер. 
210 |a Москва  |c КноРус  |d 2011 
215 |a 318 с.  |c ил. 
320 |a Библиогр.: с. 286-291. 
330 |a Посвящено проблемам внедрения интернет-технологий в банковское дело с целью изучения возможностей повышения эффективности их использования, а также определения параметров контроля и регулирования возникающих рисков при применении информационных технологий в банковском бизнесе. Практическая ценность и оригинальность пособия состоит в том, что вопросы использования информационных технологий в банке рассматриваются здесь через призму внедрения и функционирования интернет-банкинга, который является современным электронным форматом банковского обслуживания. Для руководителей и топ-менеджеров банков в области ИТ, студентов и преподавателей вузов, для всех настоящих и перспективных пользователей интернет-банкинга. 
606 1 |a Банковское дело  |2 stltpush  |3 (RuTPU)RU\TPU\subj\69888  |9 84550 
610 1 |a банки 
610 1 |a информационные технологии 
610 1 |a расчетные системы 
610 1 |a электронный документооборот 
610 1 |a дистанционное обслуживание 
610 1 |a интернет-трейдинг 
610 1 |a интернет-банкинг 
610 1 |a электронная коммерция 
610 1 |a СМК 
610 1 |a система менеджмента качества 
610 1 |a банковское обслуживание 
610 1 |a риски финансовые 
610 1 |a управление 
610 1 |a рейтинговые системы 
610 1 |a банковский надзор 
610 1 |a Россия 
610 1 |a зарубежный опыт 
610 1 |a внутренний контроль 
610 1 |a учебно-практические пособия 
686 |a У9(2)262.10я73  |v LBC/SL-A  |2 rubbk 
701 1 |a Юденков  |b Ю. Н.  |g Юрий Николаевич 
701 1 |a Тысячникова  |b Н. А.  |g Наталья Александровна 
701 1 |a Сандалов  |b И. В.  |g Илья Владимирович 
701 1 |a Ермаков  |b С. Л.  |g Сергей Львович 
801 1 |a RU  |b 63413507  |c 20100823 
801 2 |a RU  |b 63413507  |c 20230620  |g RCR 
900 |a Интернет-технологии 
942 |c BK 
959 |a 50/20100823  |d 2  |e 325,00  |f АНЛ:1  |f ЧЗГЛ:1